Stavebno-technologický projekt na zadanú stavbu Poliklinika Ružomberok

Na minha lista:
Detalhes bibliográficos
Autor principal: Martinčeková, Miriama (Author)
Outros Autores: Gašparík, Jozef (Thesis advisor)
Formato: Manuscrito Livro
Idioma:eslovaco
Publicado em: 2019
Assuntos:
Acesso em linha:http://is.stuba.sk/zp/portal_zp.pl?podrobnosti=145319
https://opac.crzp.sk/?fn=detailBiblioForm&sid=BCA102CB6C4CA54D4FE6A875C35B
Tags: Adicionar Tag
Sem tags, seja o primeiro a adicionar uma tag!

MARC

LEADER 00000ntm a22000003a 4500
001 stuzp73729
003 SK-STU
005 20230607110731.4
007 ta
008 150427s2015----xo-----f-mn---000-0-slo-d
040 |a STU  |b slo 
041 0 |a slo 
100 1 |a Martinčeková, Miriama  |u 010270  |k Z4  |4 aut  |U SvF Stavebná fakulta  |T SvF Katedra technológie stavieb  |X 75663  |U V270  |Y 28  |7 75663 
242 0 1 |a Construction Technology project of building: Hospital Ružomberok  |y eng 
245 1 0 |a Stavebno-technologický projekt na zadanú stavbu Poliklinika Ružomberok 
260 |c 2019 
650 4 |a stavebno-technologický projekt  |2 slo 
650 4 |a montáž prefabrikovaných prvkov  |2 slo 
650 4 |a kontrola kvality  |2 slo 
650 4 |a quality control  |2 eng 
650 4 |a building-technological project  |2 eng 
650 4 |a prefabricated elements assembly  |2 eng 
700 1 |a Gašparík, Jozef  |u 010270  |k Z1  |4 ths  |U SvF Stavebná fakulta  |T SvF Katedra technológie stavieb  |X 2737  |U V270  |Y 28  |7 A000002737 
856 4 |u http://is.stuba.sk/zp/portal_zp.pl?podrobnosti=145319 
856 4 |u https://opac.crzp.sk/?fn=detailBiblioForm&sid=BCA102CB6C4CA54D4FE6A875C35B